Συμβολή στη μελέτη της γλώσσας των μεσαιωνικών ελληνικών εγγράφων της Κάτω Ιταλίας
Αποθηκεύτηκε σε:
| Κύριος συγγραφέας: | |
|---|---|
| Μορφή: | Βιβλίο |
| Γλώσσα: | Greek |
| Δημοσίευση: |
Αθήνα :
Λεξικογραφικόν Δελτίον,
1999
|
| Θέματα: | |
| Ετικέτες: |
Προσθήκη ετικέτας
Δεν υπάρχουν, Καταχωρήστε ετικέτα πρώτοι!
|
MARC
| LEADER | 00000cam a2200000 i 4500 | ||
|---|---|---|---|
| 001 | 1/24853 | ||
| 008 | 020613s1999 gre d | ||
| 035 | |l 10067959 | ||
| 040 | |a GR-MY-UA |b gre |e aacr | ||
| 041 | 0 | |a gre | |
| 082 | 0 | |a 487 | |
| 100 | 1 | |a Μηνάς, Κωνσταντίνος, |d 1937- | |
| 245 | 1 | 0 | |a Συμβολή στη μελέτη της γλώσσας των μεσαιωνικών ελληνικών εγγράφων της Κάτω Ιταλίας |h [ανάτυπο] / |c υπό Κωνσταντίνου Μηνά |
| 260 | |a Αθήνα : |b Λεξικογραφικόν Δελτίον, |c 1999 | ||
| 300 | |a [93-117] σ. | ||
| 500 | |a Από το Λεξικογραφικόν Δελτίον, τομ. ΚΒ', Αθήνα, 1999 | ||
| 650 | 0 | 0 | |a Greek language, Medieval and late |x Archival resources. |
| 852 | |a INST |b RHODES |e 20020617 |h 487 ΜΗΝ |p 005400016438 |q 005400016438 |t BK |y 0 | ||
| 852 | |a INST |b RHODES |e 20020613 |h 487 ΜΗΝ |p 005400016453 |q 005400016453 |t BK |y 0 | ||
| 901 | |a BIBL4-2002-2 | ||
| 909 | |a Ρ |b 101114 | ||
| 909 | |a Ρ |b 101225 | ||
| 970 | |a ΚΟΥΛΑΚΙΟΤΗ |b ΛΙΤΣΑ |z 2002/06/13 | ||